Most Premier League clean sheets since 2006/07 Quiz Stats

 Plays Quiz not verified by Sporcle

Also try: NHL Teams (Redux)
Challenge
Share
Tweet
Embed
Score 0/40 Timer 08:00
0 Plays Today
Clean sheets Player % Correct
153Petr Cech
99.1%
122Joe Hart
97.4%
82David de Gea
96.4%
116Tim Howard
90.9%
64Hugo Lloris
89.3%
75Simon Mignolet
89.1%
114Pepe Reina
86.2%
72Edwin van der Sar
81.3%
65Ben Foster
77.7%
51Heurelho Gomes
77.4%
35Kasper Schmeichel
76.6%
51Asmir Begovic
74%
75Mark Schwarzer
71.2%
39David James
70.8%
36Thibaut Courtois
70.6%
36Fraser Forster
69.6%
46Lukasz Fabianski
69.3%
65Brad Friedel
69.1%
32Shay Given
67.6%
20Tom Heaton
61.3%
Clean sheets Player % Correct
31Michel Vorm
59.6%
47Robert Green
57.6%
41Tim Krul
57.6%
43Paul Robinson
55.7%
58Jussi Jaaskelainen
51.7%
35Artur Boruc
49.8%
29Adrian
47.7%
48Wojciech Szczesny
47%
24John Ruddy
45.9%
38Manuel Almunia
45.6%
23Ali Al Habsi
43.6%
25Wayne Hennessey
43.6%
24Vito Mannone
36.5%
29Brad Guzan
34.3%
38Chris Kirkland
33.3%
24Steve Harper
27.3%
38Thomas Sorensen
26.4%
23Boaz Myhill
26%
29Scott Carson
20.2%
28Marcus Hahnemann
18.1%

You're not logged in!

Compare scores with friends on all Sporcle quizzes.
Join for Free
OR
Log In

You Might Also Like...

Show Comments

Extras

Top Quizzes Today


Score Distribution

Your Account Isn't Verified!

In order to create a playlist on Sporcle, you need to verify the email address you used during registration. Go to your Sporcle Settings to finish the process.

Report this User

Report this user for behavior that violates our Community Guidelines.

Details: